Joan Lluís Estelrich i Perelló : (Record no. 193011)

MARC details
000 -LEADER
campo de control de longitud fija 02010nam a2200493 i 4500
001 - NÚMERO DE CONTROL
campo de control 193011
003 - IDENTIFICADOR DE NÚMERO DE CONTROL
campo de control SpMaBN
005 - FECHA Y HORA DE LA ÚLTIMA TRANSACCIÓN
campo de control 20250727153018.0
007 - CAMPO FIJO DE DESCRIPCIÓN FÍSICA--INFORMACIÓN GENERAL
campo de control de longitud fija ta
008 - DATOS DE LONGITUD FIJA--INFORMACIÓN GENERAL
campo de control de longitud fija 230722s2006 sp a | ||||o001 0 spa
015 ## - NÚMERO DE BIBLIOGRAFÍA NACIONAL
Número de bibliografía nacional MON0703-12551
016 7# - NÚMERO DE CONTROL DE UNA AGENCIA BIBLIOGRÁFICA NACIONAL
Número de control del registro bimoBNE20070138697
Fuente SpMaBN
017 ## - NÚMERO DE COPYRIGHT O DE DEPÓSITO LEGAL
Número de copyright o de depósito legal M 42300-2006
Agencia que asigna Oficina Depósito Legal Madrid
020 ## - NÚMERO INTERNACIONAL ESTÁNDAR DEL LIBRO
Número Internacional Estándar del Libro 8488699913
024 7# - IDENTIFICADOR DE OTROS ESTÁNDARES
Número estándar o código NIPO 552-06-021-X
Fuente del número o código nipo
035 ## - NÚMERO DE CONTROL DEL SISTEMA
Número de control de sistema (OCoLC)85532490
035 ## - NÚMERO DE CONTROL DEL SISTEMA
Número de control de sistema Mimo0002164384
040 ## - FUENTE DE CATALOGACIÓN
Centro catalogador/agencia de origen SpMaBN
Lengua de catalogación spa
Centro/agencia transcriptor SpMaBN
Normas de descripción rdc
Centro/agencia modificador ES-MaACL
080 ## - NÚMERO DE LA CLASIFICACIÓN DECIMAL UNIVERSAL
Número de la Clasificación Decimal Universal 017.1(460.27 M.)
080 ## - NÚMERO DE LA CLASIFICACIÓN DECIMAL UNIVERSAL
Número de la Clasificación Decimal Universal 016:929 Estelrich, Juan Luis
080 ## - NÚMERO DE LA CLASIFICACIÓN DECIMAL UNIVERSAL
Número de la Clasificación Decimal Universal 017
Identificador de la edición summary
110 2# - ENTRADA PRINCIPAL--NOMBRE DE ENTIDAD CORPORATIVA
Nombre de entidad corporativa o nombre de jurisdicción como elemento de entrada Biblioteca Nacional (España)
9 (RLIN) 2188
245 10 - MENCIÓN DEL TÍTULO
Título Joan Lluís Estelrich i Perelló :
Resto del título inventario de su archivo personal /
Mención de responsabilidad, etc. [dirección, Julián Martín Abad ; elaboración del inventario, introducción e índices, María José Rucio Zamorano].
260 ## - PUBLICACIÓN, DISTRIBUCIÓN, ETC.
Lugar de publicación, distribución, etc. Madrid :
Nombre del editor, distribuidor, etc. Biblioteca Nacional,
Fecha de publicación, distribución, etc. 2006.
300 ## - DESCRIPCIÓN FÍSICA
Extensión 93 p. :
Otras características físicas il. ;
Dimensiones 25 cm
336 ## - TIPO DE CONTENIDO
Término de tipo de contenido Texto (visual)
Fuente isbdcontent
337 ## - TIPO DE MEDIO
Nombre/término del tipo de medio sin mediación
Fuente isbdmedia
338 ## - TIPO DE SOPORTE
Fuente rdacarrier
Nombre/término del tipo de soporte volumen
490 1# - MENCIÓN DE SERIE
Mención de serie Colecciones singulares de la Biblioteca Nacional ;
Designación de volumen o secuencia 9
500 ## - NOTA GENERAL
Nota general Índices
500 ## - NOTA GENERAL
Nota general Catalogación provisional. Signatura: N 8520. Depósito J.
600 #0 - PUNTO DE ACCESO ADICIONAL DE MATERIA--NOMBRE DE PERSONA
Nombre de persona Estelrich, Juan Luis,
Fechas asociadas al nombre 1856-1923-
Subdivisión general Archivo-
Subdivisión de forma Catálogos
9 (RLIN) 233799
610 24 - PUNTO DE ACCESO ADICIONAL DE MATERIA--NOMBRE DE ENTIDAD CORPORATIVA
Nombre de entidad corporativa o nombre de jurisdicción como elemento de entrada Biblioteca Nacional (España)-
Subdivisión de forma Catálogos
9 (RLIN) 2189
700 1# - ENTRADA AGREGADA--NOMBRE PERSONAL
Nombre de persona Martín Abad, Julián,
Fechas asociadas al nombre 1946-
9 (RLIN) 77380
700 1# - ENTRADA AGREGADA--NOMBRE PERSONAL
Nombre de persona Rucio Zamorano, María José,
Fechas asociadas al nombre 1966-
9 (RLIN) 233800
830 #0 - PUNTO DE ACCESO ADICIONAL DE SERIE-TÍTULO UNIFORME
Título uniforme Colecciones singulares de la Biblioteca Nacional
Designación de volumen o secuencia 9
9 (RLIN) 223745
852 ## - LOCALIZACIÓN
Ubicación ES-MaACL
itemnumber 200317
Sublocalización o colección R.153412
Número de control de estantería N-8520
Ubicación en estantería Depósito J
Encuadernación Donación: Biblioteca Nacional de España
914 ## - NOMBRE ENTIDAD DE DONANTE
Nombre de congreso/reunión o jurisdicción como elemento de entrada Biblioteca Nacional (España)
Unidad subordinada Donante
Publicar 1
RLIN 2188
942 ## - ELEMENTOS DE ENTRADA SECUNDARIOS (KOHA)
Tipo de ítem Koha Libro impreso
Suprimir en OPAC No
Holdings
Estatus retirado Estado de pérdida Fuente del sistema de clasificación o colocación Estado de daño No para préstamo Colección Biblioteca de origen Biblioteca actual Ubicación en estantería Fecha de adquisición Fuente de adquisición Total de préstamos Signatura topográfica completa Código de barras Visto por última vez Precio de reemplazo Tipo de ítem Koha
    Clasificación decimal universal     Biblioteca profesional Biblioteca del Ateneo de Madrid Biblioteca del Ateneo de Madrid Depósito J 02/06/2022 Donación   N-8520 101205610 22/07/2023 22/07/2023 Libro impreso